Stories from the Quran (Record no. 185278)
[ view plain ]
| 000 -LEADER | |
|---|---|
| fixed length control field | 00946 a2200169 4500 |
| 003 - CONTROL NUMBER IDENTIFIER | |
| control field | Nust |
| 005 - DATE AND TIME OF LATEST TRANSACTION | |
| control field | 20221226123725.0 |
| 040 ## - CATALOGING SOURCE | |
| Transcribing agency | Nust |
| 082 ## - DEWEY DECIMAL CLASSIFICATION NUMBER | |
| Classification number | 297.122, SEO |
| 100 ## - MAIN ENTRY--PERSONAL NAME | |
| Personal name | Seoharvi, maulana Muhammad Hifzur Rehman |
| 9 (RLIN) | 105918 |
| 245 ## - TITLE STATEMENT | |
| Title | Stories from the Quran |
| Statement of responsibility, etc. | Maulana Muhammad Hifzur Rehman Seoharvi |
| 260 ## - PUBLICATION, DISTRIBUTION, ETC. | |
| Place of publication, distribution, etc. | Karachi |
| Name of publisher, distributor, etc. | Darul Ishaat |
| 300 ## - PHYSICAL DESCRIPTION | |
| Extent | 666:p |
| 505 ## - FORMATTED CONTENTS NOTE | |
| Formatted contents note | Surah Al Qalam And The Owners Of The Garden (Page-15), A Beliver And Unbeliever (Page-19), People Of A Township (Page-25), Sayyidina Luqman (Page-30), The Sabbath-Breakers (Page-45), The Dwellers Of Ar Rass (Page-67), Bayat Al Maqdis (Page-73), Zulgarnayn (Page-93), Dwellers Of The Cave And The Inscription (Page-177), Saba And Inundation Of Al Aram (Page-201), Ukhdud (Page-227), Sayyidina Isa (Page-274), Sayyidina Muhammad (Page-385), Al Isra (Page-461), Hijran (Page-475), Ghazawat (Page-493). |
| 650 ## - SUBJECT ADDED ENTRY--TOPICAL TERM | |
| Topical term or geographic name entry element | Stories from the Quran |
| 9 (RLIN) | 105919 |
| 942 ## - ADDED ENTRY ELEMENTS (KOHA) | |
| Source of classification or shelving scheme | |
| Koha item type | Book |
| Withdrawn status | Lost status | Source of classification or shelving scheme | Damaged status | Not for loan | Permanent Location | Current Location | Shelving location | Date acquired | Total Checkouts | Full call number | Barcode | Date last seen | Date last checked out | Price effective from | Koha item type | Public note |
|---|---|---|---|---|---|---|---|---|---|---|---|---|---|---|---|---|
| Military College of Signals (MCS) | Military College of Signals (MCS) | General Stacks | 12/12/2016 | 4 | 297.122,SEO | MCS31322 | 12/15/2025 | 11/12/2025 | 12/12/2016 | Book | Almirah No.47, Shelf No.2 | |||||
| Military College of Signals (MCS) | Military College of Signals (MCS) | General Stacks | 12/12/2016 | 297.122,SEO | MCS31323 | 12/08/2016 | 12/12/2016 | Book | Almirah No.47, Shelf No.2 |
